[Event "Sochi ChessAmateur op10"]
[Site "Sochi"]
[Date "2018.10.17"]
[Round "8"]
[White "Oganesian, Andranik"]
[Black "Tikhonov, Viacheslav"]
[Result "0-1"]
[WhiteElo "1967"]
[BlackElo "2105"]
[PlyCount "82"]
[EventDate "2018.10.12"]
[EventType "swiss"]
[EventRounds "9"]
[EventCountry "RUS"]
[SourceTitle "CBM 187 Extra"]
[Source "ChessBase"]
[SourceDate "2018.11.04"]
[SourceVersion "1"]
[SourceVersionDate "2018.11.04"]
[SourceQuality "1"]

1. d4 Nf6 2. Nf3 g6 3. Bf4 Bg7 4. e3 0-0 5. c4 d6 6. Nc3 Nbd7 7. Qc2 Nh5 8. Bg3 Nxg3 9. hxg3 e5 10. 0-0-0 b6 11. dxe5 Nxe5 12. Nxe5 Bxe5 13. f4 Bg7 14. Be2 Be6 15. Bf3 Bxc4 16. Bxa8 Qxa8 17. f5 Qe8 18. Rde1 Qe5 19. g4 Re8 20. g3 b5 21. a3 a5 22. Nb1 Qxg3 23. fxg6 hxg6 24. Qh2 Qxh2 25. Rxh2 Re5 26. Nd2 Bd3 27. Nf3 Rc5+ 28. Kd1 Bc4 29. Nd2 Be6 30. Rg2 Bxb2 31. Ke2 Bxa3 32. Kd3 Bb4 33. Reg1 a4 34. Rh2 Rd5+ 35. Kc2 Bxd2 36. Rxd2 Rxd2+ 37. Kxd2 b4 38. g5 c5 39. e4 a3 40. Kc2 Kg7 41. e5 dxe5 0-1

[Event "Sochi ChessAmateur op10"]
[Site "Sochi"]
[Date "2018.10.15"]
[Round "6"]
[White "Oganesian, Andranik"]
[Black "Tsvetkov, Andrey V"]
[Result "0-1"]
[WhiteElo "1967"]
[BlackElo "2122"]
[PlyCount "76"]
[EventDate "2018.10.12"]
[EventType "swiss"]
[EventRounds "9"]
[EventCountry "RUS"]
[SourceTitle "CBM 187 Extra"]
[Source "ChessBase"]
[SourceDate "2018.11.04"]
[SourceVersion "1"]
[SourceVersionDate "2018.11.04"]
[SourceQuality "1"]

1. d4 Nf6 2. c4 e6 3. Nf3 d5 4. e3 c6 5. Bd3 Nbd7 6. Nbd2 Bd6 7. 0-0 0-0 8. Re1 Re8 9. e4 dxe4 10. Nxe4 Nxe4 11. Bxe4 Nf6 12. Bc2 h6 13. Qd3 Qc7 14. Ne5 c5 15. h3 cxd4 16. Ng4 Nxg4 17. Qh7+ Kf8 18. hxg4 Bh2+ 19. Kh1 Be5 20. b3 Ke7 21. Qe4 Bf6 22. Ba3+ Kd8 23. Rad1 Bd7 24. b4 e5 25. Qe2 Qc8 26. b5 a6 27. Bb4 axb5 28. Bb3 e4 29. Qd2 Bxg4 30. Rc1 Qf5 31. Ba5+ Kd7 32. cxb5 Rxa5 33. Qxa5 Qh5+ 34. Kg1 Be5 35. f3 Qh2+ 36. Kf1 exf3 37. Rc2 Qh1+ 38. Kf2 Qxg2# 0-1

[Event "Obninsk op"]
[Site "Obninsk"]
[Date "2009.07.??"]
[Round "7"]
[White "Kuprijanov, Anatoly"]
[Black "Oganesian, Andranik"]
[Result "1/2-1/2"]
[WhiteElo "1912"]
[BlackElo "1967"]
[PlyCount "124"]
[EventDate "2009.07.??"]
[EventType "swiss"]
[EventRounds "9"]
[EventCountry "RUS"]
[SourceTitle "CBM 131 Extra"]
[Source "ChessBase"]
[SourceDate "2009.09.03"]
[SourceVersion "2"]
[SourceVersionDate "2009.09.16"]
[SourceQuality "1"]

1. d4 Nf6 2. c4 e5 3. dxe5 Ng4 4. Nf3 Nc6 5. Bf4 Bb4+ 6. Nbd2 Qe7 7. a3 Ngxe5 8. Nxe5 Nxe5 9. e3 Bxd2+ 10. Qxd2 d6 11. Be2 Bf5 12. Rc1 0-0 13. 0-0 Rad8 14. Rfd1 b6 15. Qc3 Rfe8 16. b4 Ng6 17. Bg3 Be4 18. c5 dxc5 19. bxc5 Rxd1+ 20. Bxd1 Rd8 21. Be2 Qd7 22. f3 Bf5 23. cxb6 cxb6 24. Rd1 Qe7 25. Rxd8+ Qxd8 26. h3 h5 27. e4 Bc8 28. a4 Bb7 29. Qd3 Qe8 30. Qb3 h4 31. Bh2 Qe7 32. Kh1 Qf6 33. Qd1 Nf4 34. Bc4 g6 35. Bd5 Nxd5 36. exd5 Qd8 37. d6 Qd7 38. Qd4 Qd8 39. Be5 f5 40. Bf6 Qd7 41. Be7 Bc6 42. Qxh4 Bxa4 43. Qf6 Qe8 44. Qe6+ Kh7 45. Kh2 Bc6 46. Qf6 Kg8 47. Qh4 Bd7 48. g4 Qf7 49. g5 f4 50. Qf2 Qe6 51. Qg2 a5 52. h4 a4 53. Bf6 b5 54. Kg1 Qe1+ 55. Qf1 Qxh4 56. Qe2 Qg3+ 57. Kh1 Bc6 58. Qa2+ Kf8 59. Be7+ Ke8 60. Qg8+ Kd7 61. Qd8+ Ke6 62. Qg8+ Kd7 1/2-1/2

[Event "Obninsk op"]
[Site "Obninsk"]
[Date "2009.07.??"]
[Round "8"]
[White "Oganesian, Andranik"]
[Black "Zhukov, Daniil"]
[Result "1-0"]
[WhiteElo "1967"]
[BlackElo "2059"]
[PlyCount "93"]
[EventDate "2009.07.??"]
[EventType "swiss"]
[EventRounds "9"]
[EventCountry "RUS"]
[SourceTitle "CBM 131 Extra"]
[Source "ChessBase"]
[SourceDate "2009.09.03"]
[SourceVersion "2"]
[SourceVersionDate "2009.09.16"]
[SourceQuality "1"]

1. e4 c6 2. Nc3 d5 3. Qf3 e6 4. e5 Nd7 5. d4 c5 6. Qd3 Ne7 7. Be3 Nc6 8. f4 Qb6 9. dxc5 Bxc5 10. Bxc5 Nxc5 11. Qb5 Qxb5 12. Nxb5 Kd7 13. Rd1 Ke7 14. a3 a6 15. Nd6 b5 16. Nf3 Nb7 17. Nxb7 Bxb7 18. Bd3 Rac8 19. 0-0 b4 20. a4 a5 21. Rf2 f5 22. exf6+ gxf6 23. Re2 Kf7 24. Rde1 Rce8 25. b3 Re7 26. Bb5 Rhe8 27. Re3 Rc8 28. Bd3 h6 29. Kf2 Nd8 30. Nd4 Bc6 31. Nf5 Rcc7 32. Nxe7 Rxe7 33. Rh3 Kg7 34. Ree3 Nf7 35. Rhg3+ Kf8 36. Rg6 d4 37. Reg3 Ke8 38. Rxf6 Kd7 39. Rg7 Nd6 40. Rxe7+ Kxe7 41. Rxh6 Ne4+ 42. Kg1 Bd5 43. Rh7+ Kd6 44. Ra7 Nc5 45. Rxa5 Nxd3 46. Rxd5+ Kxd5 47. cxd3 1-0